La agricultura en Centroamérica: mitos, papeles y realidad /

Đã lưu trong:
Chi tiết về thư mục
Tác giả chính: Yudelman, Sally W
Định dạng: Texto
Những chủ đề:
Các nhãn: Thêm thẻ
Không có thẻ, Là người đầu tiên thẻ bản ghi này!

MARC

LEADER 00000 a a2200000 04500
001 41612
003
040
100 |a Yudelman, Sally W  
245 |a La agricultura en Centroamérica:   |b mitos, papeles y realidad /  |c Sally W Yudelman  
650 |a ORGANIZACIONES NO GUBERNAMENTALES  
650 |a AGRICULTURA  
650 |a MUJERES  
650 |a CAMPESINADO  
650 |a AGROINDUSTRIA  
650 |a POBREZA  
773 |g volumen17, número2 ( , 1994), páginas 2-13  
999 |c 32300  |d 32300